00881nam a2200193 450000500170000002000340001704000340005108200160008510000170010124500900011825000120020826000510022030000270027150400200029852003140031854600090063265000270064165000190066820251007081225.0 a9780195683301cTZS 11,191.094 aMCCLbeng.eAACR 2nd rev. ed. a347.052 SEL aSelby, Hugh. aWinning advocacy : bpreparation, questions, argument /cHugh Selby and Graeme Blank a2nd ed. aNew Delhi :bOxford University press ,cc2004. axiv, 170 p . :c23 cm. aIncludes index. aAn introduction to advocacy for students who are new to advocacy and are keen to understand and master the basic skills of analysis, preparing witnesses, questioning and submissions. The authors introduce the circles method which they use as barristers and find useful for both case analysis and case delivery aeng. aCourt rulesbAustralia aTrial practice